000 00453nam a2200181Ia 4500
001 9297
005 20260306161708.0
008 260306t1992||||xx |||||||||||||| ||spa||
041 _aESP
082 _a378.0983
_bZ96
100 _aZurita Chávez, Reginaldo
_eAUT
245 0 _aLa docencia universitaria y los ciclos básicos en Chile
260 _c1992
300 _a193 páginas :
_c
650 _aGEN
654 _aCED
942 _cLIB
_dJUS
_fJUS
_2ddc
_n
999 _c9297
_d9297